000 00560nam a22001937a 4500
999 _c1907
_d1907
003 SLTCLib
008 260114b ce ||||| |||| 00| 0 eng d
020 _a9558884219
041 _aSinhala
082 _a005.54
_bWIJ
100 _aWijerathne, N. P.
_93370
242 _aInternet saha E mail Rahas Resak
245 _aඉන්ටර්නෙට් සහ ඊ - මේල් රහස් රැසක්
250 _a4th
260 _aKotadeniyawa
_bAshirwadha Prakashana
_c2005
300 _a200p.
650 0 _92070
_aComputer science
942 _2ddc
_cMLN
945 _a3725
_bIshara wickramage
_c3725
_dIshara wickramage